Kickin' bot : (Record no. 16563)

000 -LEADER
fixed length control field 00401cam a22001454a 4500
020 ## - INTERNATIONAL STANDARD BOOK NUMBER
ISBN 0764541137 (PAPER/WEBSITE)
040 ## - CATALOGING SOURCE
Transcribing agency DLC
082 00 - DEWEY DECIMAL CLASSIFICATION NUMBER
Classification number 796 WIL 2004 A087 Or.
100 1# - MAIN ENTRY--AUTHOR NAME
Personal name Imahara, Grant,
245 10 - TITLE STATEMENT
Title Kickin' bot :
Remainder of title an illustrated guide to building combat robots /
260 ## - PUBLICATION, DISTRIBUTION, ETC. (IMPRINT)
Place of publication Hoboken, NJ :
Name of publisher Wiley,
Year of publication c2004
300 ## - PHYSICAL DESCRIPTION
Number of Pages xxii, 506 p. :
Other physical details ill. ;
Dimensions 24 cm
650 #0 - SUBJECT ADDED ENTRY--TOPICAL TERM
Topical Term Robots
942 ## - ADDED ENTRY ELEMENTS (KOHA)
Koha item type សៀវភៅភាសាអង់គ្លេស
952 ## - LOCATION AND ITEM INFORMATION (KOHA)
Withdrawn status [LOCAL, KOHA] 0
Holdings
Permanent Location Date acquired Koha item type Lost status Shelving location Barcode Current Location Full call number
Library Block A2018-03-06សៀវភៅភាសាអង់គ្លេស A111A15198Library Block A796 WIL 2004 A111 Or.
មជ្ឈមណ្ឌលឯការនៃសាកលវិទ្យាល័យភូមិន្ទកសិកម្មចំការដូង

Powered by Koha